Manual de lectura crítica, basado en diseños de investigación en Gastroenterología (Registro nro. 326159)
[ vista simple ]
| 000 -ENCABEZADO | |
|---|---|
| Número de control [NR] | 01389nam a22002537a 4500 |
| 005 - FECHA Y HORA DE LA ÚLTIMA TRANSACCIÓN | |
| control field | 20260312084329.0 |
| 008 - DE LONGITUD FIJA DE DATOS DE ELEMENTOS - INFORMACIÓN GENERAL | |
| Elementos de longitud fija [NR] | 260312b ||||| |||| 00| 0 eng d |
| 020 ## - NUMERO INTERNACIONAL NORMALIZADO PARA LIBROS [R] | |
| Número Internacional Normalizado del libro [NR] | 9786289560244 |
| 040 ## - FUENTE DE CATALOGACION [NR] | |
| Agencia de catalogación original [NR] | CO-BoUCM |
| Idioma de catalogación [NR] | spa |
| Quien Cataloga | Sandra Palacio |
| Quien Clasifica | Sandra Palacio |
| 060 ## - SIGNATURA TOPOGRAFICA DE LA BIBLIOTECA NACIONAL DE MEDICINA (NLM) [R] | |
| Número clasificador [R] | WI 141 |
| 110 ## - ASIENTO PRINCIPAL--NOMBRE CORPORATIVO [NR] | |
| Nombre corporativo o de jurisdicción como elemento de entrada [NR] | Asociación Colombiana de Gastroenterología |
| ID de autoridad | 188246 |
| 245 ## - MENCION DE TITULO [NR] | |
| Título [NR] | Manual de lectura crítica, basado en diseños de investigación en Gastroenterología |
| Mención de responsabilidad, etc. [NR] | Diego Mauricio Aponte Martín, Gerardo Andrés Puentes Leal, Adriana Margarita Rey Rubiano, editores. |
| 260 ## - PUBLICACION, DISTRIBUCION, ETC. (PIE DE IMPRENTA) [R] | |
| Lugar de publicación, distribución, etc. [R] | Bogotá, Colombia |
| Nombre del editor, distribuidor, etc. [R] | Asociación Colombiana de Gastroenterología |
| -- | Unisanitas |
| Fecha de publicación, distribución, etc. [R] | 2021 |
| 300 ## - DESCRIPCION FISICA [R] | |
| Extensión [R] | 158 páginas |
| Otros detalles físicos [NR] | ilustraciones a color, gráficas |
| 504 ## - NOTA DE BIBLIOGRAFIA, ETC. [R] | |
| Nota de bibliografía, etc. [NR] | Incluye referencias bibliográficas e índices |
| 520 ## - NOTA DE RESUMEN, ETC. [R] | |
| Nota de sumario, etc. [NR] | Manual metodológico que detalla el análisis crítico de diseños de investigación aplicados a la gastroenterología, desde reportes de casos hasta metaanálisis en red y guías de práctica clínica. |
| 650 #4 - ASIENTO SECUNDARIO DE MATERIA - TERMINO TEMATICO [R] | |
| Término temático o nombre geográfico como elemento de entrada [NR] | Gastroenterología |
| Subdivisión general [R] | Investigaciones |
| 9 (RLIN) | 188270 |
| 650 #4 - ASIENTO SECUNDARIO DE MATERIA - TERMINO TEMATICO [R] | |
| Término temático o nombre geográfico como elemento de entrada [NR] | Medicina Basada en la Evidencia |
| 9 (RLIN) | 19133 |
| 650 #4 - ASIENTO SECUNDARIO DE MATERIA - TERMINO TEMATICO [R] | |
| Término temático o nombre geográfico como elemento de entrada [NR] | Proyectos de Investigación |
| Subdivisión general [R] | métodos |
| 9 (RLIN) | 188271 |
| 700 ## - ASIENTO SECUNDARIO - NOMBRE PERSONAL [R] | |
| Nombre personal [NR] | Puentes Leal, Gerardo Andrés |
| Término de relación [R] | editor |
| 9 (RLIN) | 188272 |
| 700 ## - ASIENTO SECUNDARIO - NOMBRE PERSONAL [R] | |
| Nombre personal [NR] | Rey Rubiano, Adriana Margarita |
| Término de relación [R] | editor |
| 9 (RLIN) | 188273 |
| 710 ## - ASIENTO SECUNDARIO - NOMBRE CORPORATIVO [R] | |
| Nombre corporativo o de jurisdicción como elemento de entrada [NR] | Fundación Universitaria Sanitas |
| 9 (RLIN) | 188274 |
| 942 ## - ELEMENTOS DE ENTRADA AGREGADOS (KOHA) | |
| Sistema de clasificación | NLM |
| Tema principal | Ciencias de la salud |
| Tipo de ítem principal el descrito en 300a | Libro |
| Edición | 1 |
| Clasificación | WI 141 |
| Parte restante de la signatura top. | M294lc |
| Total préstamos | Signatura topográfica | Código de barras | Última vez visto | Ejemplar | Price effective from | Tipo de ítem | Perdido | Sistema de clasificación | Dañado | No prestable | Tipo de ítem específico | Suprimido | Ubicación habitual | Ubicación actual | Localización | Fecha de creación | Forma de adquisición | Costo |
|---|---|---|---|---|---|---|---|---|---|---|---|---|---|---|---|---|---|---|
| WI 141 M294lc | 100174909 | 13/03/2026 | Ej.1 | 12/03/2026 | Libro | NLM | Libro | Hospital Universitario Mayor | Hospital Universitario Mayor | 9no piso | 12/03/2026 | Donación | 26000.00 |